Twenty questions for the writer : (Record no. 165291)

MARC details
000 -LEADER
fixed length control field 00921cam a2200265 a 4500
001 - CONTROL NUMBER
control field vtls003028443
003 - CONTROL NUMBER IDENTIFIER
control field MY-SjTCS
005 - DATE AND TIME OF LATEST TRANSACTION
control field 20200226120503.0
008 - FIXED-LENGTH DATA ELEMENTS--GENERAL INFORMATION
fixed length control field 110218s1995 txua 001 0 eng
020 ## - INTERNATIONAL STANDARD BOOK NUMBER
International Standard Book Number 0155008579 (pbk.)
039 #9 - LEVEL OF BIBLIOGRAPHIC CONTROL AND CODING DETAIL [OBSOLETE]
Level of rules in bibliographic description 201102181258
Level of effort used to assign nonsubject heading access points VLOAD
Level of effort used to assign subject headings 200607011038
Level of effort used to assign classification mas
-- 200606091530
-- shah_rol
082 00 - DEWEY DECIMAL CLASSIFICATION NUMBER
Classification number 808.0427
Item number BER
100 1# - MAIN ENTRY--PERSONAL NAME
Personal name Berke, Jacqueline.
9 (RLIN) 81019
245 10 - TITLE STATEMENT
Title Twenty questions for the writer :
Remainder of title a rhetoric with readings /
Statement of responsibility, etc. Jacqueline Berke, Randal Woodland.
246 3# - VARYING FORM OF TITLE
Title proper/short title 20 questions for the writer
250 ## - EDITION STATEMENT
Edition statement 6th ed.
260 ## - PUBLICATION, DISTRIBUTION, ETC.
Place of publication, distribution, etc. Boston, MA :
Name of publisher, distributor, etc. Heinle & Heinle,
Date of publication, distribution, etc. c1995.
300 ## - PHYSICAL DESCRIPTION
Extent xxxvii, 681 p. :
Other physical details ill. ;
Dimensions 24 cm.
504 ## - BIBLIOGRAPHY, ETC. NOTE
Bibliography, etc. note Includes bibliographical references (p. [669]) and index.
650 #0 - SUBJECT ADDED ENTRY--TOPICAL TERM
Topical term or geographic name entry element English language
General subdivision Rhetoric.
9 (RLIN) 1397
650 #0 - SUBJECT ADDED ENTRY--TOPICAL TERM
Topical term or geographic name entry element College readers.
9 (RLIN) 1527
650 #0 - SUBJECT ADDED ENTRY--TOPICAL TERM
Topical term or geographic name entry element Report writing.
700 1# - ADDED ENTRY--PERSONAL NAME
Personal name Woodland, Randal.
9 (RLIN) 81020
920 ## - Programme
Programme ADP : 97617
Holdings
Withdrawn status Lost status Source of classification or shelving scheme Damaged status Not for loan Home library Current library Date acquired Total Checkouts Barcode Date last seen Date last checked out Copy number Koha item type Public note
    Dewey Decimal Classification     Taylor's Library-TU Taylor's Library-TU 09/06/2006 2 1000511564 12/12/2019 22/07/2009 1 Main Collection SLASx,05000,03,CL